000 00728pam a2200241 a 4500
001 4851076
005 20171227033406.0
008 910425s1992 nyua b 001 0 eng
010 _a 91016042
020 _a0673388735
040 _aDLC
_cDLC
_dDLC
041 _aeng
080 _a822.33 WIL
082 0 0 _a822.33 WIL
_220
100 1 _a21
101 _aGJU
240 1 0 _aWorks.
_f1991
245 1 4 _aThe complete works of Shakespeare /
_cedited by David Bevington.
504 _aIncludes bibliographical references and index.
906 _a7
_bcbc
_corignew
_d1
_eocip
_f19
_gy-gencatlg
942 _2ddc
_cBK
999 _c39433
_d39433